000 02288nam a2200421 c 4500
003 BLK
005 20180422100232.0
008 180408b bul|||||r ||||||| ||bul||
010 _aKNG00036453000
020 _a954-604-105-Х
_bиздат.: Иван Вазов
040 _aBLK
041 _aBUL
_cBUL
080 _aПолитическо преследване. Терористични действия. Тероризъм - Атентати, политически убийства. Вж и 343.1 ; 343.3/.7
_b323.28
_x(497.2)(093.3)
_z323.28(497.2)(093.3)
080 _aЗаведения за изпълнение на наказанието. Заведения за трудова терапия - Затвори, принудителна работа, наказателни колонии, концентрационни лагери, възпитателни заведения и др.
_b343.81
_x(497.2)(093.3)
_z343.81(497.2)(093.3)
100 1 _aПетров, Божидар
_eпърви автор
_9273220
700 1 _aГиков, Борис
_eсъавт.
_9273221
700 1 _aДафинов, Никола
_eсъавт.
_9273222
700 1 _aСтанилов, Васил
_eзаписал
_9365278
139 _aПетров, Божидар и др.
_bП 47
245 1 0 _aЗа малка справка
_cБожидар Петров; съавт. Борис Гиков; съавт. Никола Дафинов; записал Васил Станилов.
257 _aBGR
260 София
_bИван Вазов
_c2000
300 _a107 с.
_c21 см
380 _a3
490 1 _aБиблиотека Писахме, да се знае
500 _aАвт. отбелязани на с. 5. - Офс. изд.
650 4 _aПолитически репресии - България - спомени
_9270867
650 4 _aКонцентрационни лагери - България
_9259554
651 4 _aБългария
_9241624
653 _aполитически репресии
653 _aконцентрационни лагери
653 _aбългарска история
852 _aЦб 208640
856 4 _qpdf
_u
856 4 _qpdf
_u
942 _cKNG
_n0
944 _aCR
_c15.01.2003
_lф /
_kВиолета_Тройчева
944 _aED
_c17.04.2015
_lф /
_kЛюдмила_Стоянова
999 _c33762
_d33762